000 00391nam a2200145Ia 4500
008 130318s9999 xx 000 0 und d
020 _a70601097
082 _a621.3822 MIT/D
100 _aMitra, Sanjit K
245 _aDigital signal processing: A computer based approach
250 _a3
260 _bTata McGraw Hill
_aNew Delhi
_c2005
300 _a972
650 _aDIGITAL SIGNAL PROCESSING
999 _c927
_d927